000 00274nam a22001337a 4500
008 181218b xxu||||| |||| 00| 0 eng d
020 _a9780672319853
041 _aeng
080 _a004
100 _a37
101 _aSHK
245 _aLinux 7
_cdAVID.b
942 _2udc
_cBK
999 _c53413
_d53413